Type 200 - Statistics

General Stats
  • This quiz has been taken 27 times
  • The average score is 90 of 200
Answer Stats
Answer % Correct
1
100%
10
100%
11
100%
2
100%
3
100%
39
100%
4
100%
5
100%
6
100%
7
100%
8
100%
9
100%
12
88%
13
88%
14
88%
15
88%
16
88%
17
88%
18
88%
19
88%
20
88%
21
88%
22
88%
23
88%
24
88%
25
88%
26
88%
27
88%
28
88%
29
88%
30
88%
31
88%
32
88%
33
88%
34
88%
35
88%
36
88%
37
88%
38
88%
42
88%
43
88%
44
88%
45
88%
46
88%
47
88%
55
88%
65
88%
66
88%
67
88%
68
88%
75
88%
77
88%
88
88%
99
88%
40
75%
41
75%
48
75%
49
75%
50
75%
51
75%
52
75%
53
75%
54
75%
56
75%
57
75%
58
75%
59
75%
60
75%
61
75%
62
75%
63
75%
64
75%
69
75%
70
75%
71
75%
72
75%
73
75%
74
75%
76
75%
78
75%
79
75%
80
75%
81
75%
82
75%
83
75%
84
75%
85
75%
86
75%
87
75%
90
75%
91
75%
92
75%
93
75%
94
75%
95
75%
96
75%
97
75%
98
75%
100
63%
102
63%
89
63%
101
50%
103
50%
104
50%
105
38%
106
38%
107
38%
108
38%
109
38%
110
38%
111
38%
112
38%
113
38%
114
25%
115
13%
116
13%
117
13%
118
13%
119
13%
120
13%
121
13%
122
13%
123
13%
124
13%
200
13%
125
0%
126
0%
127
0%
128
0%
129
0%
130
0%
131
0%
132
0%
133
0%
134
0%
135
0%
136
0%
137
0%
138
0%
139
0%
140
0%
141
0%
142
0%
143
0%
144
0%
145
0%
146
0%
147
0%
148
0%
149
0%
150
0%
151
0%
152
0%
153
0%
154
0%
155
0%
156
0%
157
0%
158
0%
159
0%
160
0%
161
0%
162
0%
163
0%
164
0%
165
0%
166
0%
167
0%
168
0%
169
0%
170
0%
171
0%
172
0%
173
0%
174
0%
175
0%
176
0%
177
0%
178
0%
179
0%
180
0%
181
0%
182
0%
183
0%
184
0%
185
0%
186
0%
187
0%
188
0%
189
0%
190
0%
191
0%
192
0%
193
0%
194
0%
195
0%
196
0%
197
0%
198
0%
199
0%
No matching quizzes found
Score Distribution
Percent of People with Each Score
Percentile by Number Answered
Your Score History
You have not taken this quiz